000 00726nam a22002177a 4500
003 PE SENCICO BE
005 20251020182620.0
008 221125b |||||||| |||| 00| 0 eng d
040 _aPE SENCICO BE
_cPE SENCICO BE
080 _a645.68
_bJ54
100 1 _9102
_aJimeno Blasco, Enrique
245 1 _aInstalaciones sanitarias en edificación /
_cEnrique Jimeno Blasco
250 _a[1a ed.]
260 _a[Lima]:
_bCámara Peruana de la Construcción,
_c1989
300 _a143 p.:
_bdiagrs.
_c28 cm.
490 _aColección del Constructor;
_v31
650 1 0 _aInstalaciones sanitarias
_9103
650 2 0 _aIngeniería sanitaria
_9104
910 _ahfp
_bhfp
_chfp
942 _2ddc
_cLIB
_h645.68
_iJ54
999 _c3646
_d3646